الإعجاز العلمي في السنة النبوية / (رقم التسجيلة. 110681)
[ عرض عادي ]
| 000 -الفاتح | |
|---|---|
| عناصر البيانات ثابتة الطول | 00613cam a2200169 i 4500 |
| 005 - تاريخ ووقت آخر معاملة | |
| حقل ضبط | 20260104075610.0 |
| 008 - عناصر البيانات ثابتة الطول | |
| عناصر البيانات ثابتة الطول | 250721s2007 ua gr 000 0 ara d |
| 082 14 - رقم تصنيف ديوي العشري | |
| رقم التصنيف | 219.0015 |
| رقم المادة | ج و ه |
| 100 1# - مدخل رئيسي – اسم شخصي | |
| الاسم الشخصي | جوهر، أحمد |
| علاقة الشخص بالعمل/ دوره | معد. |
| 245 12 - بيان العنوان | |
| العنوان | الإعجاز العلمي في السنة النبوية / |
| بيان المسؤولية | اعداد أحمد جوهر. |
| 264 31 - بيانات النشر، التوزيع…إلخ | |
| مكان النشر، التوزيع...إلخ | المنصورة : |
| اسم الناشر، الموزع...إلخ | مكتبة الإيمان للنشر والتوزيع، |
| تاريخ النشر، التوزيع...إلخ | 2007. |
| 300 ## - الوصف المادي | |
| عدد الوحدات المكونة للوعاء | 286 صفحة. |
| 650 17 - مدخل إضافي بالموضوع - مصطلح موضوعي | |
| مصطلح موضوعي أو اسم جغرافي كعنصر مدخل | السيره النبوية. |
| 650 17 - مدخل إضافي بالموضوع - مصطلح موضوعي | |
| مصطلح موضوعي أو اسم جغرافي كعنصر مدخل | الاسلوب العلمي. |
| 942 ## - بيانات إضافية (كوها) | |
| نوع التنصيف | Dewey Decimal Classification |
| نوع المادة (كوها) | كتب |
| حالة السحب | حالة الفقدان | مصدر التصنيف | حالة التلف | غير قابل للإعارة | المكتبة الرئيسية | المكتبة الحالية | موقع الرف | تاريخ التزويد | الرقم المتسلسل | Total Checkouts | رقم الإستدعاء | الباركود | تاريخ آخر ظهور | تاريخ الفاتورة | نوع المادة (كوها) |
|---|---|---|---|---|---|---|---|---|---|---|---|---|---|---|---|
| Dewey Decimal Classification | المكتبة المركزية | المكتبة المركزية | الإعارة | 28/07/2025 | 1152870 | 219.0015/جوه | 1152870 | 28/07/2025 | 28/07/2025 | كتب | |||||
| Dewey Decimal Classification | مكتبة الأميرة ايمان العامة | مكتبة الأميرة ايمان العامة | الإعارة | 28/07/2025 | 1152871 | 219.0015/جوه | 1152871 | 28/07/2025 | 28/07/2025 | كتب | |||||
| Dewey Decimal Classification | مكتبة صويلح العامة | مكتبة صويلح العامة | الإعارة | 28/07/2025 | 1152872 | 219.0015/جوه | 1152872 | 28/07/2025 | 28/07/2025 | كتب |